000 00265nam a22001097a 4500
008 170105b xxu||||| |||| 00| 0 eng d
020 _a9780131133204
041 _aeng
080 _a618.2
245 _aCHILD HEALTH NURSING
_cBALL, J.W & BINDLER, R.C
942 _2udc
_cBK
999 _c2573
_d2573